Five Nights at Freddys - All Freddys - Statistics

General Stats
  • This quiz has been taken 79 times
  • The average score is 17 of 30
Answer Stats
In What Game Answer % Correct
FNAF 1 Freddy
100%
FNAF 1 Golden Freddy
100%
FNAF 4 Nightmare Freddy
98%
FNAF 2 Withered Freddy
98%
FNAF 2 Toy Freddy
97%
FNAF 3 Phantom Freddy
95%
FNAF 2 Shadow Freddy
92%
FNAF 2 Withered Golden Freddy
90%
Sister Location Funtime Freddy
85%
Security Breach Glamrock Freddy
83%
Pizza Sim Rockstar Freddy
71%
FNAF 4 Freddles
68%
Pizza Sim Molten Freddy
66%
FNAF WORLD Adventure Freddy
49%
FNAF WORLD Adventure Toy Freddy
49%
FNAF WORLD Adventure Golden Freddy
47%
FNAF WORLD Adventure Withered Freddy
47%
Pizza Sim Neddbear
46%
FNAF WORLD Adventure Nightmare Freddy
42%
Help Wanted Dreadbear
42%
FNAF WORLD Adventure Phantom Freddy
41%
FNAF WORLD Adventure Shadow Freddy
39%
Ruin DLC Ruined Glamrock Freddy
39%
FNAF WORLD Adventure Withered Golden Freddy
36%
Security Breach The Blob
27%
FNAF 3 Phantom Shadow Freddy
24%
Help Wanted Dark Freddy
20%
FNAF WORLD Virtua-Freddy
20%
FNAF WORLD Redbear
19%
Help Wanted Party Freddy
17%
No matching quizzes found
Score Distribution
Percent of People with Each Score
Percentile by Number Answered
Your Score History
You have not taken this quiz